=LDR 00000nam 2200000 4500 =001 INLIS000000000016597 =005 20130612111854 =008 ***********************************Ind** =035 ##$$a0010-061300000016597 =041 ##$$a Ind =082 ##$$a 362.5 =090 ##$$a 362.5, Rem k =100 ##$$a Remi, Hj. Sutyastie Sumitro =245 ##$$a Kemiskinan dan ketidakmerataan di Indonesia, Prof Dr. Hj. Sutyastie Soemitro Remi =260 ##$$a 2002 $b Bandung =300 ##$$a viii, 134 hlm, 21 cm =650 ##$$a Kemiskinan =850 ##$$a NBPNMAT =990 ##$$a 94669/BPAP-NTB/2014